| 000 | 01824cam a2200337 a 4500 | ||
|---|---|---|---|
| 001 | 000006980 | ||
| 005 | 20200929154034.0 | ||
| 008 | 950623s1993 ec b 001 0dspa d | ||
| 040 |
_aDO-SdBNP _cNjP _dDLC |
||
| 082 |
_a923.46 _bM516e |
||
| 245 | 0 | 0 |
_aMejía en Cadiz / _cAlfredo Flores y Caamaño, [et al.]. |
| 260 |
_aQuito : _bComisión Nacional Permanente de Conmemoraciones Cívicas, _c1993. |
||
| 300 |
_a2 v. ; _c21 cm. |
||
| 490 | 1 |
_aComisión Nacional Permanente de Conmemoraciones Cívicas _vv. 1/13A |
|
| 490 | 1 |
_aComisión Nacional Permanente de Conmemoraciones Cívicas _vv. 2/13B |
|
| 500 | _aVol 2 fue publicado originalmente en Barcelona en 1913 bajo el título: Don José Mejía Lequerica en las Cortes de Cádiz de 1810 a 1813. | ||
| 504 | _aIncluye referencias bibliográficas. | ||
| 505 | 0 | _av. 1. Estudios introductorios / Marcos Gándara Enríquez [... et al.]. Constitución de Cádiz - v. 2. Combatiente de precursores y de la libertad. | |
| 600 | 1 | 4 |
_aMEJÍA LEQUERICA, JOSÉ, _d1775-1813. _919402 |
| 651 | 4 |
_aLatinoamérica _xPolítica Y Gobierno _y1806-1830. _919403 |
|
| 651 | 4 |
_aEspaña _xPolítica Y Gobierno _y1808-1814. _919404 |
|
| 651 | 4 |
_aCadiz (España{Rpara} _xHistoria _919405 |
|
| 700 | 1 |
_aFlores y Caamaño, Alfredo, _d1888- _919406 |
|
| 700 | 1 |
_aGándara Enríquez, Marcos, _d1919- _919407 |
|
| 700 | 1 |
_aMejía Lequerica, José, _d1775-1813. _tDon José Mejía Lequerica en las Cortes de Cádiz de 1810 a 1813. _919408 |
|
| 710 | 1 |
_aEspaña _bCortes (1810-1813) _919409 |
|
| 710 | 1 |
_aEcuador. _bComision Nacional Permanente de Conmemoraciones Civicas. _99128 |
|
| 830 | 0 |
_aComisión Nacional Permanente de Conmemoraciones Cívicas ; _vv. 1/13A _919410 |
|
| 830 | 0 |
_aComisión Nacional Permanente de Conmemoraciones Cívicas ; _vv. 2/13B _919410 |
|
| 910 | _aCatalogación por copia / LC | ||
| 999 |
_c6764 _d6764 |
||